000 01503cad a22002295a 4500
001 L155895
008 120420e20120418xxkd f s f000 0 eng d
035 _a(Sirsi) u155895
041 0 _aeng
110 1 _aOffice for National Statistics
_92210
245 0 0 _aHouse price index
_bFebruary 2012
_h[electronic resource]
260 _aLondon
_bDCLG
_c2012
490 0 _aONS House Price Index
_vFebruary 2012
520 _aUK house prices increased by 0.3% since February 2011 and by 0.2% since January 2012. The mix-adjusted average house price was £224 473 in February 2012 (not seasonally adjusted). Annual average house prices increased by 0.4% in England and 1.1% in Scotland and fell by 0.5% in Wales and 9.7% in Northern Ireland. Annual average house prices paid by first time buyers in February were 1.3% higher than a year ago. No change in average house prices paid by former owner occupiers. Annual average house prices paid for new properties in February 2012 were 7.7% higher than a year ago. By comparison average house prices paid on pre-owned dwellings were 0.2% lower. The ONS House Price Index was previously published by Department for Communities and Local Government as the CLG House Price Index.
521 _aAdvanced
590 _aKA NTK
650 2 4 _aONS HOUSE PRICE INDEX
651 4 _aUnited Kingdom
_y
690 _aResidential property
_96266
856 4 0 _uhttps://www.ons.gov.uk/ons/dcp171778_262371.pdf
_zView this item free of charge at www.ons.gov.uk
942 _n0
999 _c113903
_d113903